| 000 | 00668 a2200217 4500 | ||
|---|---|---|---|
| 001 | 53184 | ||
| 005 | 20260407155805.0 | ||
| 008 | 260407a1974 arg spa d | ||
| 003 | AR-UNSa-BCEJYS | ||
| 040 |
_aAR-UNSa-BCEJYS _bspa _cAR-UNSa-BCEJYS |
||
| 080 |
_a330(82) _xEconomia Argentina |
||
| 245 | 1 | 0 | _aSistema socioeconómico y estructura regional en la Argentina |
| 250 | _a2a. ed. | ||
| 264 | 1 |
_aBuenos Aires : _bAmorrortu Editores _c1974 |
|
| 300 |
_a226 p. _c19 cm., |
||
| 505 | _a1. Marco teórico - 2. El marco histórico | ||
| 942 | _cBK | ||
| 590 | _aniveau_biblio:m niveau_hierar:0 | ||
| 100 | 1 | _aRofman, Alejandro B. | |
| 700 | 1 | _aRomero, Luis Alberto | |
| 999 |
_c5124 _d5124 |
||